Az értelmiségnevelés lehetőségei és eredményei az agrárműszaki felsőoktatásban

Elmentve itt :
Bibliográfiai részletek
Szerző: Bányász János
További közreműködők: Nincs megadva (Témavezető)
Dokumentumtípus: Disszertáció
Megjelent: 1990
Tárgyszavak:
Online Access:http://doktori.ek.szte.hu/3853
LEADER 00650nta a2200181 i 4500
001 dokt3853
005 20240903112340.0
008 170216s1990 hu om 000 hun d
040 |a SZTE Doktori Repozitórium  |b hun 
041 |a hun 
100 1 |a Bányász János 
245 1 3 |a Az értelmiségnevelés lehetőségei és eredményei az agrárműszaki felsőoktatásban  |h [elektronikus dokumentum] /  |c  Bányász János 
260 |c 1990 
502 |a Disszertacio 
650 4 |a neveléstudományok 
650 4 |a Oktatástudomány 
700 0 1 |a Nincs megadva  |e ths 
856 4 0 |u https://doktori.bibl.u-szeged.hu/id/eprint/3853/1/1990_banyasz_janos.pdf  |z Dokumentum-elérés